|
|
|
|
| LEADER |
00833cam a2200205 7i4500 |
| 001 |
0000002734 |
| 005 |
19991025090000.0 |
| 002 |
##000003994 |
| 020 |
0 |
0 |
|a T000003884
|
| 090 |
0 |
0 |
|a B 332.6732
|b WEL
|
| 100 |
1 |
0 |
|a Wells
|
| 245 |
1 |
0 |
|a Marketing a country :
|b promotion as a tool for attracting foreign investment
|c Louis T. Wells, Alvin G. Wint.
|
| 260 |
0 |
0 |
|a Washington, D.C.:
|b International Finance Corporation, Multilateral Investment Guanrantee Agency,
|c 1990.
|
| 300 |
0 |
0 |
|a 72p.
|
| 440 |
0 |
0 |
|a Occasional paper 1
|
| 500 |
0 |
0 |
|a This study is about the promotional/techniques and structures that countries employ in their competitions to attract foreign direct investment
|
| 650 |
0 |
0 |
|a Investment, foreign
|
| 650 |
0 |
0 |
|a Industrial promotion
|
| 700 |
1 |
1 |
|a Wint,
|h Alvin G
|
| 999 |
|
|
|a 0000004446
|b Book
|c Open shelf
|e Business Information Centre
|